The hawthorne legacy / (Record no. 9572)
[ view plain ]
| 000 -LEADER | |
|---|---|
| fixed length control field | 01749nam a22002657a 4500 |
| 001 - CONTROL NUMBER | |
| control field | 9572 |
| 003 - CONTROL NUMBER IDENTIFIER | |
| control field | FISKH |
| 005 - DATE AND TIME OF LATEST TRANSACTION | |
| control field | 20260123150459.0 |
| 008 - FIXED-LENGTH DATA ELEMENTS--GENERAL INFORMATION | |
| fixed length control field | 260123b cb ||||| |||| 00| 0 eng d |
| 020 ## - INTERNATIONAL STANDARD BOOK NUMBER | |
| International Standard Book Number | 9780241480724 |
| 040 ## - CATALOGING SOURCE | |
| Original cataloging agency | FISKH |
| Language of cataloging | eng |
| Transcribing agency | FISKH |
| Modifying agency | FISKH |
| 050 ## - LIBRARY OF CONGRESS CALL NUMBER | |
| Classification number | PZ7 .B26225 .H |
| 082 ## - DEWEY DECIMAL CLASSIFICATION NUMBER | |
| Classification number | 813.6 |
| 100 ## - MAIN ENTRY--PERSONAL NAME | |
| Personal name | Barnes, Jennifer Lynn |
| 245 ## - TITLE STATEMENT | |
| Title | The hawthorne legacy / |
| Statement of responsibility, etc. | Jennifer Lynn Barnes |
| 250 ## - EDITION STATEMENT | |
| Edition statement | This edition published in 2023 |
| 260 ## - PUBLICATION, DISTRIBUTION, ETC. | |
| Place of publication, distribution, etc. | United Kingdom : |
| Name of publisher, distributor, etc. | Penguin Books, |
| Date of publication, distribution, etc. | 2021. |
| 300 ## - PHYSICAL DESCRIPTION | |
| Extent | 357 pages : |
| Dimensions | 20 cm |
| 490 ## - SERIES STATEMENT | |
| Series statement | The inheritance games |
| Volume/sequential designation | 2 |
| 520 ## - SUMMARY, ETC. | |
| Summary, etc. | The Inheritance Games ended with a bombshell, and now heiress Avery Grambs has to pick up the pieces and find the man who might hold the answers to all of her questions including why Tobias Hawthorne left his entire fortune to Avery, a virtual stranger, rather than to his own daughters or grandsons. <br/>Thanks to a DNA test, Avery knows that shes not a Hawthorne by blood, but clues pile up hinting at a deeper connection to the family than she had ever imagined. As the mystery grows and the plot thickens, Grayson and Jameson, two of the enigmatic and magnetic Hawthorne grandsons, continue to pull Avery in different directions. And there are threats lurking around every corner, as adversaries emerge who will stop at nothing to see Avery out of the pictureby any means necessary. <br/>With nonstop action, aspirational jet-setting, Knives Out-like family intrigue, swoonworthy romance, and billions of dollars hanging in the balance, The Hawthorne Legacy will have you racing through the pages. |
| 650 ## - SUBJECT ADDED ENTRY--TOPICAL TERM | |
| Topical term or geographic name entry element | Mystery |
| Form subdivision | Young Adult |
| General subdivision | Family |
| Chronological subdivision | Puzzles |
| 650 ## - SUBJECT ADDED ENTRY--TOPICAL TERM | |
| Topical term or geographic name entry element | Young Adult Mystery |
| Form subdivision | Love Triangle |
| 942 ## - ADDED ENTRY ELEMENTS (KOHA) | |
| Source of classification or shelving scheme | Dewey Decimal Classification |
| Koha item type | Books |
| Suppress in OPAC | No |
| Withdrawn status | Lost status | Source of classification or shelving scheme | Damaged status | Not for loan | Collection | Home library | Current library | Shelving location | Date acquired | Total Checkouts | Full call number | Barcode | Date last seen | Copy number | Price effective from | Koha item type |
|---|---|---|---|---|---|---|---|---|---|---|---|---|---|---|---|---|
| Dewey Decimal Classification | Fiction | Footprints International School Library Network Toul Kork Campus | Footprints International School Library Network Toul Kork Campus | A TK Campus, 4th Floor, Room B401, Fiction Bookcases (1-6) | 01/23/2026 | BAR 813.6 PZ7 .B26225 .H | 2026-0089 | 01/23/2026 | 1 | 01/23/2026 | Books |
